000 00547nam a2200193Ia 4500
005 20260120131822.0
008 008 260114s9999 xx 000 0 eng d
020 _a9781383012521
037 _aEBOOK
040 _aCRL
_beng
_cCRL
041 _aeng
_2eng
084 _qCRL
100 _aRoss
_9931585
245 0 _aChildren, Families, and Health Care Decision-Making
260 _bOxford University PressOxford University Press
_c2023
856 _uhttps://academic.oup.com/book/49471
942 _cEBOOK
999 _c1523507
_d1523507